Forestry handbook (Record no. 31666)
[ view plain ]
| 000 -LEADER | |
|---|---|
| fixed length control field | 00265nam a2200109Ia 4500 |
| 082 ## - DEWEY DECIMAL CLASSIFICATION NUMBER | |
| Classification number | 634(035) |
| Item number | FOR |
| 100 ## - MAIN ENTRY--AUTHOR NAME | |
| Personal name | Forbes, Reginald D |
| 245 #0 - TITLE STATEMENT | |
| Title | Forestry handbook |
| 260 ## - PUBLICATION, DISTRIBUTION, ETC. (IMPRINT) | |
| Place of publication | New York |
| Name of publisher | Ronald |
| Year of publication | 1955 |
| 942 ## - ADDED ENTRY ELEMENTS (KOHA) | |
| Koha item type | Books |
| Withdrawn status | Lost status | Damaged status | Not for loan | Home library | Current library | Date acquired | Cost, normal purchase price | Full call number | Accession Number | Koha item type |
|---|---|---|---|---|---|---|---|---|---|---|
| RRII Library | RRII Library | 16/12/2021 | 24.95 | 634(035) FOR | 12207 | Books |